| Поле | Инд. | ПП | Название | Значение |
|---|---|---|---|---|
| Тип записи | a | |||
| Библиографический уровень | m | |||
| 001 | Контрольный номер | 4bf735e8-9bb1-4155-b575-f6cf5677041b | ||
| 005 | Дата корректировки | 20230705155038.4 | ||
| 008 | Кодируемые данные | 000519 d | ||
| 020 | a | ISBN | 5-7859-0076-9 | |
| 040 | a | Служба первич. каталог. | НБ ТвГУ | |
| 041 | 0_ | a | Код языка текста | rus |
| 080 | a | Индекс УДК | 882.09(075.3) | |
| 084 | a | Индекс другой классификации/Индекс ББК | Ш5(2=411.2)я721-1 | |
| 090 | x | Авторский знак | Л80 | |
| a | Полочн. индекс | Ш5(2=411.2) | ||
| 100 | 1_ | a | Автор | Лотман Юрий Михайлович |
| 245 | 0_ | a | Заглавие | Учебник по русской литературе для средней школы |
| c | Ответственность | Ю.М. Лотман | ||
| 260 | 0_ | a | Место издания | Москва |
| b | Издательство | Языки русской культуры | ||
| c | Дата издания | 2000 | ||
| 300 | a | Объем | 255 с. | |
| 440 | _0 | a | Серия | Studia Philologica |
| 650 | 04 | a | Основная рубрика | Русская литература |
| x | Основная подрубрика | Учебники для средней школы | ||
| 653 | 0_ | a | Ключевые слова | Русская литература |
| 901 | t | Тип документа | m | |
| 930 | a | Новая/Ретро | учебники | |
| 952 | c | Вид литературы | К ру | |
| 954 | a | Дата поступления на обработку | 20000519 |